Statistiques concernant Tous les jeux de Tomodachi game

Cliquez ici pour prendre le quiz!

Statistiques générales

  • Ce quiz a été pris 6 fois
  • Le résultat moyen est 4 sur 8

Statistiques - réponses

HintRéponse% Correct
3Cache-cache de l'amitié
80%
5Prison de l'amitié
80%
4Tribunal de l'amitié
80%
6Casino de l'amitié
60%
2Plateau des médisances
60%
7Battle Royal de l'amitié
40%
1Jeu de kokkuri
20%
8Le Jeu Sans amis
20%

Distribution des résultats

Percentile par nombre de réponses

% des personnes avec chaque résultat

Votre développement - résultats

Vous n’avez pas pris ce quiz